000 00953nam a2200241 a 4500
001 39833
003 BD-RjUL
005 20211209053052.0
008 160419s2010 bg ||||| |||| 00| 0 ben d
020 _a9789848882085
_c: Tk. 56.25
035 _a(BD-RjUL)39947
040 _aBD-RjUL
_bben
_cBD-RjUL
041 _aben
082 _223
_a333.79
_b RAB 2010
100 _aরহমতউল্লাহ্, বি. ডি.
_9122711
245 1 0 _aবিদ্যুৎ ও জ্বালানি সংকট :
_bসমাধান কি অসম্ভব ? /
_cবি. ডি. রহমতউল্লাহ্,
260 _aঢাকা :
_bসংহতি প্রকাশন,
_c২০১০.
300 _a৬০ পৃ. :
_bচিত্র ;
_c২০ সেমি.
504 _aপরিশিষ্ট সংযুক্ত
650 _aজ্বালানী নীতি
_9122712
650 _aEnergy policy
_9122713
942 _2ddc
_cBK
999 _c39833
_d39833